| 000 | 01150cam a22002531i 4500 | ||
|---|---|---|---|
| 003 | SA-RiAUC | ||
| 005 | 20241006135058.0 | ||
| 008 | 240928s1986 ua g 000 0 ara c | ||
| 040 |
_aSA-JeALM _bara _cSA-RiAUC _erda |
||
| 082 | 0 | 4 |
_a415.1 _qSA-RiAUC |
| 090 |
_a415.1 _b م هـ ل |
||
| 100 | 1 |
_aالمهلبي، مهذب الدين مهلب بن حسن بن بركات بن علي، _dتوفي 572 هجري _eمؤلف. |
|
| 245 | 1 | 0 |
_aنظم الفرائد وحصر الشرائد / _cمهذب الدين مهلب بن حسن بن بركات بن علي المهلبي ؛ تحقيق عبد الرحمن بن سليمان العثيمين. |
| 250 | _aالطبعة الأولى. | ||
| 264 | 1 |
_aالقاهرة : _bمكتبة الخانجي، _c1986 |
|
| 300 |
_a311 صفحة ؛ _c24 سم |
||
| 336 |
_aنص _btxt _2rdacontent _3كتاب |
||
| 337 |
_aبدون وسيط _bn _2rdamedia |
||
| 338 |
_aمجلد _bnc _2rdacarrier |
||
| 650 | 7 |
_aاللغة العربية _xنحو _2aucsh |
|
| 700 | 1 |
_aالعثيمين، عبد الرحمن بن سليمان بن محمد _eمحقق. |
|
| 942 |
_2ddc _cBOOK _n0 |
||
| 949 |
_aSA-JeALM _d240928 _umohamedma123 _n1 |
||
| 999 |
_c812 _d812 |
||